| 000 | 00778nam a2200253Ia 4500 | ||
|---|---|---|---|
| 008 | 160803s9999 xx 000 0 und d | ||
| 020 | _a9780545227391 | ||
| 100 | _aProsek, James | ||
| 245 | _aBird, butterfly, eel / | ||
| 245 | _cstory and paintings by James Prosek. | ||
| 260 | _aNew York : | ||
| 260 | _bScholastic Inc. | ||
| 260 | _c2009 | ||
| 300 | _a[28] unnumbered pages : | ||
| 300 | _bcolor illustrations, map ; | ||
| 300 | _c23 x 25 cm. | ||
| 500 | _aOriginally published: New York : Simon & Schuster Books for Young Readers, c2009. | ||
| 650 | _aBarn swallow -- Migration -- | ||
| 650 | _aJuvenile fiction. | ||
| 650 | _aMonarch butterfly -- Migration -- | ||
| 650 | _xEels -- Migration -- | ||
| 650 | _xJuvenile fiction. | ||
| 700 | _a1040 | ||
| 999 |
_c299145 _d299145 |
||